000 00548cam a22002053a 4500
001 45254
003 PGUSA
005 20140828084033.0
008 140329s2014||||xxu|||||s|||||000 | eng d
040 _aPGUSA
_beng
042 _adc
100 1 _aQuerido, Israel
245 1 0 _aNapoleon
_h[electronic resource] /
_cIsrael Querido
260 _bProject Gutenberg,
_c2014
506 _aPublic domain in the USA.
516 _aElectronic text
830 0 _aProject Gutenberg
_v45254
856 4 0 _uhttp://www.gutenberg.org/ebooks/45254
942 _cEB
999 _c274505
_d274505